ბათუმის შოთა რუსთაველის სახელმწიფო უნივერსიტეტის ბიბლიოთეკა

დიდი მოურავი : (ბიბ.ჩანაწერი № 48647)

000 -ლიდერი
ფიქსირებული სიგრძის საკონტროლო ველი 00919nam a2200217Ia 4500
001 - საკონტროლო ნომერი
საკონტროლო ველი 15547
003 - საკონტროლო ნომრის იდენტიფიკატორი
საკონტროლო ველი GE_BSU
005 - ბოლო ოპერაციის თარიღი და დრო
საკონტროლო ველი 20250331110501.0
008 - ფიქსირებული სიგრძის მონაცემთა ელემენტები - ზოგადი ინფორმაცია
ფიქსირებული სიგრძის საკონტროლო ველი 181216s1952||||ge |||||||||||||| ||geo||
040 ## - კატალოგიზაციის წყარო
Transcribing agency GE_BSU
041 ## - ენის კოდი
Language code of text/sound track or separate title geo
080 ## - უნივერსალური ათობითი კლასიფიკაციის ინდექსი
Universal Decimal Classification number 821.161.1-311.6 ა-70
100 ## - მთავარი ჩანაწერი - პიროვნების სახელი
Personal name ანტონოვსკაია, ანა
9 (RLIN) 3051
245 ## - ცნობა სათაურის შესახებ
Title დიდი მოურავი :
Remainder of title [ისტორიული რომანი]. ტ. 2 /
Statement of responsibility, etc ანა ანტონოვსკაია ; მთარგმნ. არისტო ჭუმბაძე.
264 ## - წარმოების, გამოცემის, დისტრიბუციის და სხვა ცნობები
გამოცემის, წარმოების, დისტრიბუციის... ადგილი თბილისი :
გამოცემის, წარმოების, დისტრიბუციის... სახელწოდება სახელგამი,
გამოცემის, წარმოების, დისტრიბუციის... თარიღი 1952.
300 ## - ფიზიკური აღწერა
Extent 636 გვ.:
Other physical details ილ.;
Dimensions 21 სმ.
653 ## - INDEX TERM--UNCONTROLLED
Uncontrolled term ისტორიული რომანი
653 ## - INDEX TERM--UNCONTROLLED
Uncontrolled term რუსული პროზა
700 ## - ADDED ENTRY--PERSONAL NAME
Personal name ჭუმბაძე, არისტო
Relator term მთარგმნელი
9 (RLIN) 24720
942 ## - ADDED ENTRY ELEMENTS (KOHA)
Koha item type წიგნი
Source of classification or shelving scheme
ეგზემპლარები
ჩამოწერის სტატუსი დაკარგული ეგზემპლარის სტატუსი კლასიფიკაციის წყარო ან თაროზე გაწყობის სქემა დაზიანების სტატუსი არ გაიცემა მუდმივი მდებარეობა (დაცვის ადგილი) ამჟამინდელი ადგილსამყოფელი თაროზე განთავსების ადგილი შეძენის თარიღი სრული შენახვის შიფრი შტრიხკოდი ბოლო ოპერაციის თარიღი ეგზემპლარის მიმდევრობითი ნომერი (კეტერი?) ფასის ძალაში შესვლის თარიღი ეგზემპლარის სახეობა
          ბათუმის შოთა რუსთაველის სახელმწიფო უნივერსიტეტის მთავარი ბიბლიოთეკა ბათუმის შოთა რუსთაველის სახელმწიფო უნივერსიტეტის მთავარი ბიბლიოთეკა წიგნსაცავი 2018-12-17 821.161.1-311.6 ა-70 21100 2018-12-17 21100 2018-12-17 წიგნი